| 000 | 00419nam a2200121Ia 4500 | ||
|---|---|---|---|
| 008 | 220615s9999||||xx |||||||||||||| ||und|| | ||
| 245 | 0 |
_aUltra Wideband Communications _bNovel Trends - Antennas and Propagation |
|
| 546 | _aEnglish[eng] | ||
| 650 | _aComputer networking & communications | ||
| 700 | _aMatin, Mohammad | ||
| 856 | _uhttps://mts.intechopen.com/storage/books/423/authors_book/authors_book.pdf | ||
| 942 | _cEB | ||
| 999 |
_c18594 _d18594 |
||